00877nam a2200265Ia 4500008004100000020001800041050001700059050001800076100002400094245003500118245005100153245002300204250001600227260001700243260002500260260000900285300001600294300002000310300001100330650006300341650002300404650006000427650006500487650005900552160404s9999 xx 000 0 und d a971-08-6341-X aFIL HF 5661  b.H37 2003 c.3 aHarina, Ricardo M.  aManagement advisory services : bfor business planning, control and decisions / cRicardo M. Harina. a2nd Edition aMandaluyong: bNational Book Store, c2003 a459 pages : billustrations ; c25 cm. aAccounting -- Philippines -- Examinations, questions, etc. aBusiness planning. aManagerial accounting -- Examinations, questions, etc.  xAccountants -- Philippines -- Examinations, questions, etc.  xBusiness consultants -- Examinations, questions, etc.